<?xml version="1.0" encoding="UTF-8"?>
<record
    xmlns:xsi="http://www.w3.org/2001/XMLSchema-instance"
    xsi:schemaLocation="http://www.loc.gov/MARC21/slim http://www.loc.gov/standards/marcxml/schema/MARC21slim.xsd"
    xmlns="http://www.loc.gov/MARC21/slim">

  <leader>01362nam a22002297a 4500</leader>
  <controlfield tag="005">20251205104253.0</controlfield>
  <controlfield tag="008">251201b        |||||||| |||| 00| 0 eng d</controlfield>
  <datafield tag="020" ind1=" " ind2=" ">
    <subfield code="a">9788199171251</subfield>
  </datafield>
  <datafield tag="040" ind1=" " ind2=" ">
    <subfield code="c">AL</subfield>
  </datafield>
  <datafield tag="041" ind1=" " ind2=" ">
    <subfield code="a">eng</subfield>
  </datafield>
  <datafield tag="082" ind1=" " ind2=" ">
    <subfield code="a">823</subfield>
    <subfield code="b">MARG</subfield>
  </datafield>
  <datafield tag="100" ind1=" " ind2=" ">
    <subfield code="a">Juan Antonio March</subfield>
    <subfield code="9">247784</subfield>
  </datafield>
  <datafield tag="245" ind1=" " ind2=" ">
    <subfield code="a">Great reset</subfield>
  </datafield>
  <datafield tag="260" ind1=" " ind2=" ">
    <subfield code="a">New Delhi</subfield>
    <subfield code="b">Vitasta</subfield>
    <subfield code="c">2025</subfield>
  </datafield>
  <datafield tag="300" ind1=" " ind2=" ">
    <subfield code="a">298p</subfield>
    <subfield code="b">PB</subfield>
    <subfield code="c">20x13.5cm</subfield>
  </datafield>
  <datafield tag="365" ind1=" " ind2=" ">
    <subfield code="2">English</subfield>
    <subfield code="a">XSTV-110978</subfield>
    <subfield code="b">396.00</subfield>
    <subfield code="c">&#x20B9;</subfield>
    <subfield code="d">396.00</subfield>
    <subfield code="e">0%</subfield>
    <subfield code="f">27-11-2025</subfield>
  </datafield>
  <datafield tag="520" ind1=" " ind2=" ">
    <subfield code="a">Humanity stands at the edge of a revolution. At the heart of The Great Reset is Nour, a visionary AI expert, who reveals fifteen extraordinary breakthroughs across iconic global sites--each one a portal to a radically transformed tomorrow. Yet, every step toward innovation raises a haunting question: will our political structures evolve or stumble over time? Nour's journey moves toward a dramatic climax at a pivotal United Nations summit, where the blueprint for humanity's future hangs in the balance. In the tension of those international debates lies the possibility of a unified world or the chaos of irreparable division. The Great Reset is a gripping exploration of power, progress, and survival--of how one era ends and another begins.</subfield>
  </datafield>
  <datafield tag="650" ind1=" " ind2=" ">
    <subfield code="a">English Fiction</subfield>
    <subfield code="9">247211</subfield>
  </datafield>
  <datafield tag="650" ind1=" " ind2=" ">
    <subfield code="a">CTRL+ALT+HUMAN</subfield>
    <subfield code="9">247220</subfield>
  </datafield>
  <datafield tag="650" ind1=" " ind2=" ">
    <subfield code="a">Science Fiction</subfield>
    <subfield code="9">247228</subfield>
  </datafield>
  <datafield tag="942" ind1=" " ind2=" ">
    <subfield code="2">ddc</subfield>
    <subfield code="c">BK</subfield>
  </datafield>
  <datafield tag="999" ind1=" " ind2=" ">
    <subfield code="c">240690</subfield>
    <subfield code="d">240690</subfield>
  </datafield>
  <datafield tag="952" ind1=" " ind2=" ">
    <subfield code="0">0</subfield>
    <subfield code="1">0</subfield>
    <subfield code="2">ddc</subfield>
    <subfield code="4">0</subfield>
    <subfield code="7">0</subfield>
    <subfield code="8">ENG</subfield>
    <subfield code="a">AL</subfield>
    <subfield code="b">AL</subfield>
    <subfield code="c">SK</subfield>
    <subfield code="d">2025-12-01</subfield>
    <subfield code="e">amazon.in</subfield>
    <subfield code="g">396.00</subfield>
    <subfield code="l">2</subfield>
    <subfield code="m">2</subfield>
    <subfield code="o">823 MARG</subfield>
    <subfield code="p">077991</subfield>
    <subfield code="r">2026-02-03 15:57:28</subfield>
    <subfield code="s">2026-01-16</subfield>
    <subfield code="v">495.00</subfield>
    <subfield code="w">2025-11-27</subfield>
    <subfield code="y">BK</subfield>
  </datafield>
  <datafield tag="952" ind1=" " ind2=" ">
    <subfield code="0">0</subfield>
    <subfield code="1">0</subfield>
    <subfield code="2">ddc</subfield>
    <subfield code="4">0</subfield>
    <subfield code="7">0</subfield>
    <subfield code="8">ENG</subfield>
    <subfield code="a">AL</subfield>
    <subfield code="b">AL</subfield>
    <subfield code="c">SK</subfield>
    <subfield code="d">2025-12-01</subfield>
    <subfield code="e">amazon.in</subfield>
    <subfield code="g">396.00</subfield>
    <subfield code="l">1</subfield>
    <subfield code="o">823 MARG</subfield>
    <subfield code="p">077992</subfield>
    <subfield code="r">2026-04-09 09:42:32</subfield>
    <subfield code="s">2025-12-01</subfield>
    <subfield code="v">495.00</subfield>
    <subfield code="w">2025-11-27</subfield>
    <subfield code="y">BK</subfield>
  </datafield>
  <datafield tag="952" ind1=" " ind2=" ">
    <subfield code="0">0</subfield>
    <subfield code="1">0</subfield>
    <subfield code="2">ddc</subfield>
    <subfield code="4">0</subfield>
    <subfield code="7">0</subfield>
    <subfield code="8">ENG</subfield>
    <subfield code="a">AL</subfield>
    <subfield code="b">AL</subfield>
    <subfield code="c">SK</subfield>
    <subfield code="d">2025-12-01</subfield>
    <subfield code="e">amazon.in</subfield>
    <subfield code="g">396.00</subfield>
    <subfield code="l">0</subfield>
    <subfield code="o">823 MARG</subfield>
    <subfield code="p">077993</subfield>
    <subfield code="r">2025-12-01 16:54:27</subfield>
    <subfield code="v">495.00</subfield>
    <subfield code="w">2025-11-27</subfield>
    <subfield code="y">BK</subfield>
  </datafield>
  <datafield tag="952" ind1=" " ind2=" ">
    <subfield code="0">0</subfield>
    <subfield code="1">0</subfield>
    <subfield code="2">ddc</subfield>
    <subfield code="4">0</subfield>
    <subfield code="7">0</subfield>
    <subfield code="8">ENG</subfield>
    <subfield code="a">AL</subfield>
    <subfield code="b">AL</subfield>
    <subfield code="c">SK</subfield>
    <subfield code="d">2025-12-01</subfield>
    <subfield code="e">amazon.in</subfield>
    <subfield code="g">396.00</subfield>
    <subfield code="l">0</subfield>
    <subfield code="o">823 MARG</subfield>
    <subfield code="p">077994</subfield>
    <subfield code="r">2025-12-01 16:54:27</subfield>
    <subfield code="v">495.00</subfield>
    <subfield code="w">2025-11-27</subfield>
    <subfield code="y">BK</subfield>
  </datafield>
  <datafield tag="952" ind1=" " ind2=" ">
    <subfield code="0">0</subfield>
    <subfield code="1">0</subfield>
    <subfield code="2">ddc</subfield>
    <subfield code="4">0</subfield>
    <subfield code="7">0</subfield>
    <subfield code="8">ENG</subfield>
    <subfield code="a">AL</subfield>
    <subfield code="b">AL</subfield>
    <subfield code="c">SK</subfield>
    <subfield code="d">2025-12-01</subfield>
    <subfield code="e">amazon.in</subfield>
    <subfield code="g">396.00</subfield>
    <subfield code="l">2</subfield>
    <subfield code="m">2</subfield>
    <subfield code="o">823 MARG</subfield>
    <subfield code="p">077995</subfield>
    <subfield code="r">2026-02-03 15:57:35</subfield>
    <subfield code="s">2026-01-16</subfield>
    <subfield code="v">495.00</subfield>
    <subfield code="w">2025-11-27</subfield>
    <subfield code="y">BK</subfield>
  </datafield>
  <datafield tag="952" ind1=" " ind2=" ">
    <subfield code="0">0</subfield>
    <subfield code="1">0</subfield>
    <subfield code="2">ddc</subfield>
    <subfield code="4">0</subfield>
    <subfield code="7">0</subfield>
    <subfield code="8">ENG</subfield>
    <subfield code="a">AL</subfield>
    <subfield code="b">AL</subfield>
    <subfield code="c">SK</subfield>
    <subfield code="d">2025-12-01</subfield>
    <subfield code="e">amazon.in</subfield>
    <subfield code="g">396.00</subfield>
    <subfield code="l">2</subfield>
    <subfield code="m">2</subfield>
    <subfield code="o">823 MARG</subfield>
    <subfield code="p">077996</subfield>
    <subfield code="r">2026-02-03 15:57:45</subfield>
    <subfield code="s">2026-01-16</subfield>
    <subfield code="v">495.00</subfield>
    <subfield code="w">2025-11-27</subfield>
    <subfield code="y">BK</subfield>
  </datafield>
  <datafield tag="952" ind1=" " ind2=" ">
    <subfield code="0">0</subfield>
    <subfield code="1">0</subfield>
    <subfield code="2">ddc</subfield>
    <subfield code="4">0</subfield>
    <subfield code="7">0</subfield>
    <subfield code="8">ENG</subfield>
    <subfield code="a">AL</subfield>
    <subfield code="b">AL</subfield>
    <subfield code="c">SK</subfield>
    <subfield code="d">2025-12-01</subfield>
    <subfield code="e">amazon.in</subfield>
    <subfield code="g">396.00</subfield>
    <subfield code="l">2</subfield>
    <subfield code="m">2</subfield>
    <subfield code="o">823 MARG</subfield>
    <subfield code="p">077997</subfield>
    <subfield code="r">2026-02-12 13:53:18</subfield>
    <subfield code="s">2026-01-16</subfield>
    <subfield code="v">495.00</subfield>
    <subfield code="w">2025-11-27</subfield>
    <subfield code="y">BK</subfield>
  </datafield>
  <datafield tag="952" ind1=" " ind2=" ">
    <subfield code="0">0</subfield>
    <subfield code="1">0</subfield>
    <subfield code="2">ddc</subfield>
    <subfield code="4">0</subfield>
    <subfield code="7">0</subfield>
    <subfield code="8">ENG</subfield>
    <subfield code="a">AL</subfield>
    <subfield code="b">AL</subfield>
    <subfield code="c">SK</subfield>
    <subfield code="d">2025-12-01</subfield>
    <subfield code="e">amazon.in</subfield>
    <subfield code="g">396.00</subfield>
    <subfield code="l">2</subfield>
    <subfield code="m">2</subfield>
    <subfield code="o">823 MARG</subfield>
    <subfield code="p">077998</subfield>
    <subfield code="r">2026-02-03 15:57:46</subfield>
    <subfield code="s">2026-01-16</subfield>
    <subfield code="v">495.00</subfield>
    <subfield code="w">2025-11-27</subfield>
    <subfield code="y">BK</subfield>
  </datafield>
  <datafield tag="952" ind1=" " ind2=" ">
    <subfield code="0">0</subfield>
    <subfield code="1">0</subfield>
    <subfield code="2">ddc</subfield>
    <subfield code="4">0</subfield>
    <subfield code="7">0</subfield>
    <subfield code="8">ENG</subfield>
    <subfield code="a">AL</subfield>
    <subfield code="b">AL</subfield>
    <subfield code="c">SK</subfield>
    <subfield code="d">2025-12-01</subfield>
    <subfield code="e">amazon.in</subfield>
    <subfield code="g">396.00</subfield>
    <subfield code="l">0</subfield>
    <subfield code="o">823 MARG</subfield>
    <subfield code="p">077999</subfield>
    <subfield code="r">2025-12-01 16:54:27</subfield>
    <subfield code="v">495.00</subfield>
    <subfield code="w">2025-11-27</subfield>
    <subfield code="y">BK</subfield>
  </datafield>
  <datafield tag="952" ind1=" " ind2=" ">
    <subfield code="0">0</subfield>
    <subfield code="1">0</subfield>
    <subfield code="2">ddc</subfield>
    <subfield code="4">0</subfield>
    <subfield code="7">0</subfield>
    <subfield code="8">ENG</subfield>
    <subfield code="a">AL</subfield>
    <subfield code="b">AL</subfield>
    <subfield code="c">SK</subfield>
    <subfield code="d">2025-12-01</subfield>
    <subfield code="e">amazon.in</subfield>
    <subfield code="g">396.00</subfield>
    <subfield code="l">0</subfield>
    <subfield code="o">823 MARG</subfield>
    <subfield code="p">078000</subfield>
    <subfield code="r">2025-12-01 16:54:27</subfield>
    <subfield code="v">495.00</subfield>
    <subfield code="w">2025-11-27</subfield>
    <subfield code="y">BK</subfield>
  </datafield>
</record>
